Länder mit der höchsten Lebenserwartung - Statistiken

Allgemein
  • Dieses Quiz wurde 48 mal gespielt
  • Das Durchschnittsergebnis liegt bei 13 aus 20
Antwortstatistiken
Index Land % Korrekt
87,0 Japan
100%
85,0 Schweden
93%
85,1 Norwegen
91%
85,6 Australien
84%
85,8 Frankreich
84%
85,2 Kanada
84%
84,8 Neuseeland
84%
86,1 Schweiz
84%
85,5 Spanien
84%
85,3 Italien
82%
85,4 Südkorea
82%
86,4 Island
73%
85,3 Luxemburg
73%
86,6 Singapur
57%
84,8 Andorra
48%
85,1 Malta
41%
85,2 Israel
34%
85,2 Panama
9%
85,0 Peru
9%
85,4 Kolumbien
5%
Keine übereinstimmenden Quizze gefunden
Verteilung der Resultate
Anzahl Personen mit jedem Resultat
Perzentil nach korrekt beantworteten Fragen
Ihre Resultats-Entwicklung
Sie haben dieses Quiz noch nicht gespielt